00651nam a2200241 a 4500001001300000003000900013005001700022008004100039020000800080082001300088100001800101245001900119260004200138300000800180500003500188505001000223650002100233700001800254902000800272942000700280952010900287999001300396nice12345678IN_TiNIC20260116011352.0050524s1964 mada grp 000 0 eng  ac000a954bCAR aCariappa, K M aLet Us Wake Up aMadrasbMadras Publishing Housec1964 a34p aincludes index and biblioraphy2 aIndex aIndia-Miscellany1 aCariappa, K M bSRS cBK 001040708StackRoom-aHMIbHMId2005-05-24g0.00l0o954 CARp02131r2005-05-24v0.00w2005-05-24yBK c924d924